10 największych miast w Omanie - Statystyki

Ogólne statystyki
  • Ten quiz został rozwiązany 17 razy
  • Średni wynik to 4 z 10
Statystyki odpowiedzi
Liczba mieszkańców Nazwa miasta % Poprawnych
147 400 Salala
88%
46 900 Sur
59%
45 500 Nizwa
53%
299 800 As-Sib
41%
128 500 Suhar
41%
57 900 Al-Burajmi
29%
40 900 Ar-Rustak
29%
150 124 Matrah
29%
41 800 Al-Chabura
24%
189 600 Bawszar
24%
Nie znaleziono quizów pasujących do podanych kryteriów
Rozkład punktacji
Procent ludzi z każdym wynikiem
Percentyl według liczby udzielonych odpowiedzi
Twoja historia wyników
Nie rozwiązałeś tego quizu